000 00482nam a2200133Ia 4500
005 20260209120135.0
008 260209s9999||||xx |||||||||||||| ||und||
100 _aDeepanshi Chowdhary
245 0 _aSocial media and the law relating to it under the information technology act, 2000
260 _aBangaloreBangalore
_bNLSIU
_c2015
300 _a129 p. ; 25 cm.
700 _aDr. S B N Prakash - GuideDr. S B N Prakash - Guide
856 _uhttps://dans.nls.ac.in/handle/123456789/1652
999 _c217204
_d217204